000 00770nam a2200217Ii 4500
003 JO-AjNU
008 230605s9999||||xx |||||||||||||| ||und||
017 _a1040/4/2008
040 _aJO-AjNU
_bara
_erda
_cJO-AjNU
041 _aara
050 1 4 _aLC904.S2582 2009
100 3 _aالساموك،سعدون محمود,
_eauthor
_923406
245 0 0 _aقراءات في أصول البحث:مناهج البحث في أصول الدين
250 _aط1
264 3 1 _aعمان:دار المناهج،2009
300 _a234ص
336 _atext
_btxt
_2rdacontent
337 _aunmediated
_bn
_2rdamedia
338 _avolume
_bnc
_2rdacarrier
650 4 _aالتربية الإسلامية-مناهج-التربية الإسلامية-دراسة وتعليم
_923407
999 _aA8462
_c12030
_d12030